Ciencias sociales 1 : (Registro nro. 46392)
[ vista simple ]
| 000 -CABECERA | |
|---|---|
| campo de control de longitud fija | 00827nam a2200229 a 4500 |
| 001 - NÚMERO DE CONTROL | |
| campo de control | 000046903 |
| 005 - FECHA Y HORA DE LA ÚLTIMA TRANSACCIÓN | |
| campo de control | 20201002053210.0 |
| 008 - DATOS DE LONGITUD FIJA--INFORMACIÓN GENERAL | |
| campo de control de longitud fija | 180406s2015 dr a r 000 0 spa d |
| 020 ## - NÚMERO INTERNACIONAL ESTÁNDAR DEL LIBRO | |
| Número Internacional Estándar del Libro | 9789945175073 |
| 040 ## - FUENTE DE LA CATALOGACIÓN | |
| Centro catalogador/agencia de origen | DO-SdBNP |
| Lengua de catalogación | spa |
| Centro/agencia transcriptor | BNPHU |
| 082 ## - NÚMERO DE LA CLASIFICACIÓN DECIMAL DEWEY | |
| Número de clasificación | xxx |
| Número de documento/Ítem | C569s, 1ro. |
| 245 00 - MENCIÓN DE TÍTULO | |
| Título | Ciencias sociales 1 : |
| Resto del título | primaria / |
| Mención de responsabilidad, etc. | colaboración Pilar Vacas ... [et al.], edición Marcos Reynoso, ilustración Monterrat Ubach ... [et al.]. |
| 260 ## - PUBLICACIÓN, DISTRIBUCIÓN, ETC. | |
| Lugar de publicación, distribución, etc. | Santo Domingo : |
| Nombre del editor, distribuidor, etc. | SM, |
| Fecha de publicación, distribución, etc. | 2015. |
| 300 ## - DESCRIPCIÓN FÍSICA | |
| Extensión | 2v. : |
| Otras características físicas | il., ; |
| Dimensiones | 28cm. + |
| Material acompañante/anejo | CD-ROOM |
| 490 1# - MENCIÓN DE SERIE | |
| Mención de serie | Proyecto Conecta |
| 505 0# - NOTA DE CONTENIDO CON FORMATO | |
| Información miscelánea | v.1. |
| Título | Libro texto -- |
| Información miscelánea | v.2. |
| Título | Cuaderno de estrategias |
| 590 ## - NOTA LOCAL (RLIN) | |
| Nota local | Inventariado, 2018 |
| 700 1# - PUNTO DE ACCESO ADICIONAL--NOMBRE DE PERSONA | |
| Nombre de persona | Vacas, Pilar, |
| Término indicativo de función/relación | colab.olab. |
| 9 (RLIN) | 74833 |
| 700 1# - PUNTO DE ACCESO ADICIONAL--NOMBRE DE PERSONA | |
| Nombre de persona | Reynoso, Marcos, |
| Término indicativo de función/relación | ed. |
| 9 (RLIN) | 74834 |
| 700 1# - PUNTO DE ACCESO ADICIONAL--NOMBRE DE PERSONA | |
| Nombre de persona | Ubach, Monterrat, |
| Término indicativo de función/relación | il. |
| 9 (RLIN) | 74835 |
| 830 #0 - PUNTO DE ACCESO ADICIONAL DE SERIE-TÍTULO UNIFORME | |
| Título uniforme | Proyecto Conecta |
| 9 (RLIN) | 74836 |
| Estado de retiro | Estado de pérdida | Restricciones de uso | No para préstamo | Código de colección | Localización permanente | Ubicación/localización actual | Ubicación en estantería | Fecha de adquisición | Número de inventario | Total de préstamos | Signatura topográfica completa | Código de barras | Fecha visto por última vez | Precio válido a partir de | Tipo de ítem Koha |
|---|---|---|---|---|---|---|---|---|---|---|---|---|---|---|---|
| Patrimonio Dominicano | General | General | Depósito | 06.04.2018 | LF1 | v. 1, e. 3 | 46903-30 | 25.06.2020 | 25.06.2020 | Libro y Folleto Colección Patrimonio Dominicano | |||||
| Patrimonio Dominicano | General | General | Depósito | 13.12.2018 | LF1 | v. 2, e. 3 | 46903-60 | 25.06.2020 | 25.06.2020 | Libro y Folleto Colección Patrimonio Dominicano | |||||
| Excluido de préstamo | Patrimonio Dominicano | Patrimonio Dominicano | Patrimonio Dominicano | Depósito | 06.04.2018 | LF1 | v. 1 | 46903-10 | 25.06.2020 | 25.06.2020 | Libro y Folleto Colección Patrimonio Dominicano | ||||
| Excluido de préstamo | Patrimonio Dominicano | Patrimonio Dominicano | Patrimonio Dominicano | Depósito | 06.04.2018 | LF1 | v. 1, e. 2 | 46903-20 | 25.06.2020 | 25.06.2020 | Libro y Folleto Colección Patrimonio Dominicano | ||||
| Excluido de préstamo | Patrimonio Dominicano | Patrimonio Dominicano | Patrimonio Dominicano | Depósito | 13.12.2018 | LF1 | v. 2 | 46903-40 | 25.06.2020 | 25.06.2020 | Libro y Folleto Colección Patrimonio Dominicano | ||||
| Excluido de préstamo | Patrimonio Dominicano | Patrimonio Dominicano | Patrimonio Dominicano | Depósito | 13.12.2018 | LF1 | v. 2, e. 2 | 46903-50 | 25.06.2020 | 25.06.2020 | Libro y Folleto Colección Patrimonio Dominicano |
